| 000 | 00459nam a22001697a 4500 | ||
|---|---|---|---|
| 999 |
_c525437 _d525437 |
||
| 003 | NUST | ||
| 038 | _aArshad | ||
| 082 |
_a297.082 _bSHA |
||
| 100 |
_aShah, syad Nasir _916304 |
||
| 245 |
_aIslam or Jansiat / _cSyed Nasir Shah |
||
| 260 |
_aLahore : _bNaia zamana publication, _cS.L. |
||
| 300 | _a252 P. ; | ||
| 500 | _aHardcover. | ||
| 880 |
_6100-01\r _aسید نصیر شاھ |
||
| 880 |
_6245-02\r _aاسلام اور جنسیات / |
||
| 942 |
_2ddc _cBK |
||